000 00299nam a22001337a 4500
008 170616b xxu||||| |||| 00| 0 eng d
020 _a9780830413232
041 _aeng
080 _a32
100 _a20
101 _aSHP
245 _aPROBLEMS IN EUROPEAN POLITICS
_cCHRISTIE, K
942 _2udc
_cBK
999 _c17823
_d17823